Strange world of animals / (Record no. 95915)

MARC details
000 -LEADER
fixed length control field 00660nam a22002057a 4500
005 - DATE AND TIME OF LATEST TRANSACTION
control field 20151016114709.0
010 ## - LCCN (DPL NO)
LC control number ENG-113856
020 ## - INTERNATIONAL STANDARD BOOK NUMBER
International Standard Book Number 8123774109
Terms of availability 230.00
020 ## - INTERNATIONAL STANDARD BOOK NUMBER
International Standard Book Number 9788123774107
Terms of availability 230.00
035 ## - SYSTEM CONTROL NUMBER
System control number EN-97388
037 ## - SOURCE OF ACQUISITION
Source of stock number/acquisition DBAD/PUB
082 ## - DEWEY DECIMAL CLASSIFICATION NUMBER
Classification number 591.51
100 ## - MAIN ENTRY--PERSONAL NAME
Personal name Nair, G.S.Unnikrishnan
245 ## - TITLE STATEMENT
Title Strange world of animals /
Statement of responsibility, etc by G.S. Unnikrishnan Nair
260 ## - PUBLICATION, DISTRIBUTION, ETC. (IMPRINT)
Place of publication, distribution, etc New Delhi
Name of publisher, distributor, etc National Book Trust
Date of publication, distribution, etc 2015
270 ## - ADDRESS
Address Nehru Bhawan, 5,Institutional Area, Phase -II,
City New Delhi
Postal code 110070
300 ## - PHYSICAL DESCRIPTION
Extent 223p. :
Dimensions 21cm(pbk)
Other physical details col. photos
500 ## - GENERAL NOTE
General note Includes bibliographical references
942 ## - ADDED ENTRY ELEMENTS (KOHA)
Source of classification or shelving scheme Dewey Decimal Classification
Item type English Books
Call number suffix NAI
Classification part 591.51
Holdings
Withdrawn status Lost status Not for loan Collection code Home library Current library Date acquired Source of acquisition Cost, normal purchase price Full call number Barcode Copy number Cost, replacement price Koha item type
    Not For Loan Non-fiction D.B.Act.Division D.B.Act.Division 13/08/2015 DBAD/PUB 230.00 591.51 NAI EN-97388 1 230.00 English Books

© Delhi Public Library
Hit Counter
free hit counter